| 000 | 00521nam a2200193Ia 4500 | ||
|---|---|---|---|
| 005 | 20250326143303.0 | ||
| 008 | 250326s9999 xx 000 0 und d | ||
| 020 | _a81-7808-607-7 | ||
| 037 | _aTextbook | ||
| 040 |
_aFMSL _beng _cFMSL |
||
| 041 |
_aeng _2eng |
||
| 084 |
_aX:51 P2 _qFMSL |
||
| 100 |
_aVengopal P _9747768 |
||
| 245 | 0 |
_aMarketing channel management _cVengopal P |
|
| 260 |
_aNew Delhi _bNew Delhi, Response _c2001 |
||
| 300 | _a187p | ||
| 942 |
_cTB _hX:51 P2 |
||
| 999 |
_c1298924 _d1298924 |
||